Nacionalidad de los Balones de Oro - Estadísticas

Estadísticas generales
  • Esta prueba ha sido intentada 88 veces
  • La puntuación promedio es 14 de 19
Estadísticas de respuestas
Total Jugadores País % Correcto
8 1 Argentina
100%
4 3 España
99%
8 6 Francia
99%
5 4 Brasil
97%
5 5 Italia
97%
5 4 Inglaterra
96%
7 3 Portugal
94%
7 5 Alemania
93%
7 3 Países Bajos
83%
1 1 Croacia
70%
1 1 Ucrania
70%
2 2 República Checa
67%
1 1 Hungría
66%
1 1 Liberia
56%
3 3 Unión Soviética
56%
1 1 Escocia
51%
1 1 Bulgaria
49%
1 1 Dinamarca
43%
1 1 Irlanda del Norte
40%
No se encontraron pruebas coincidentes
Distribución de puntuación
Porcentaje de gente con cada puntuación
Porcentaje por número respondido
Historial de tus puntuaciones
No has intentado esta prueba.